00829nam a22001937a 450000500170000000800410001702000150005804100120007308200160008510000300010124500440013126000420017530000080021752002270022565000230045294200070047599900190048295201340050120240822142846.0240813b |||||||| |||| 00| 0 eng d a8170173191 aEnglish a746.44bGUP aGupta Charu Smita9208257 aZardozi : Glittering Gold of Embroidery aNew DelhibAbhinav Publicationsc1996 a244 a• Introduction • Historical Development of the Craft • Design & Motifs: Forms on Fabric • Technical Exposition: Design Ensemble • Zardoz: A Social Retrospect in Shahajahanabad • Karkhana: Production Synthesis  aEmbroidery9119869 cDB c359491d359491 00102ddc4071aSOFTbSOFTd2024-08-05eUsha Shrikantg2100.00o746.44 GUPpSOFT-BK-D165r2024-08-13 00:00:00v2100.00yDBzD165